8 mots dans mots : mer (mort subite) - Statistiques

Statistiques générales
  • Ce quiz a été pris 30 fois
  • Le résultat moyen est 5 sur 8
Answers on the Grid
Answers color-coded by a green-red scale on the quiz's grid according to % correct below.
a---icaniser
cryoréfri---ateur
indo - ---manique
insub---sible
a---indianisme
électroména---
enthousias---
cobelli---ante
dan---eusement
anglo-a---icain
ber---onnette
alphanu---ique
exa---atrice
gentilhom---ie
concier---ie
com---cialiser
 
Statistiques - réponses
Réponse % Correct
a---icaniser
91%
enthousias---
86%
insub---sible
82%
com---cialiser
77%
anglo-a---icain
73%
a---indianisme
55%
alphanu---ique
50%
gentilhom---ie
32%
Aucun quiz correspondant
Distribution des résultats
% des personnes avec chaque résultat
Percentile par nombre de réponses
Votre historique - résultats
Vous n’avez pas pris ce quiz